Statistics for Disney's Frozen - Let It Go Lyrics

Click here to take the quiz!

General Stats

  • This quiz has been taken 3,312 times
  • The average score is 213 of 276

Answer Stats

Answer% Correct
The
99%
I
99%
the
99%
a
98%
it
98%
A
98%
Let
97%
let
97%
go
97%
an
97%
To
96%
to
96%
on
95%
be
94%
Be
94%
is
93%
snow
93%
see
93%
No
93%
no
93%
And
92%
do
92%
in
92%
and
92%
mountain
90%
storm
90%
i'm
89%
like
89%
of
89%
I'm
89%
queen
88%
tonight
88%
wind
88%
Don't
87%
don't
87%
kingdom
87%
Not
87%
looks
87%
seen
86%
footprint
86%
know
86%
me
86%
how
85%
isolation
85%
them
85%
you
85%
girl
85%
cold
84%
good
83%
can
83%
never
83%
always
81%
back
81%
inside
81%
they
81%
anyway
80%
can't
79%
bothered
79%
hold
79%
Can't
79%
glows
79%
white
79%
howling
79%
have
79%
anymore
78%
tried
77%
now
76%
Heaven
76%
keep
75%
knows
74%
rage
74%
feel
73%
Couldn't
72%
swirling
71%
what
71%
going
69%
Conceal
68%
Well
67%
care
66%
door
66%
say
65%
slam
65%
Turn
62%
It's
61%
they're
60%
away
60%
all
58%
funny
57%
distance
57%
That
56%
this
56%
some
56%
that
56%
seem
56%
small
55%
everything
55%
makes
54%
at
54%
get
53%
break
53%
Here
50%
here
50%
controlled
50%
once
50%
time
50%
free
49%
one
49%
through
48%
limits
48%
test
48%
cry
47%
am
47%
for
46%
fears
45%
stand
45%
sky
45%
with
45%
rules
44%
wrong
43%
right
42%
stay
40%
You'll
39%
I'll
38%
i'll
38%
My
34%
power
30%
frozen
30%
past
28%
around
28%
gone
28%
perfect
27%
light
26%
air
26%
day
25%
ground
25%
flurries
24%
icy
23%
fractals
23%
into
23%
blast
22%
dawn
22%
rise
19%
though
18%
soul
18%
spiraling
17%
crystallizes
12%

Score Distribution

Percentile by Number Answered

Percent of People with Each Score

Your Score History

You have not taken this quiz